[Event "Al Ain op 3rd"]
[Site "Al Ain"]
[Date "2014.12.26"]
[Round "9"]
[White "Huseynov, Shahin Rustam"]
[Black "Mosadeghpour, Masoud"]
[Result "1/2-1/2"]
[WhiteElo "2162"]
[BlackElo "2337"]
[PlyCount "89"]
[EventDate "2014.12.19"]
[EventType "swiss"]
[EventRounds "9"]
[EventCountry "UAE"]
[SourceTitle "CBM 164 Extra"]
[Source "ChessBase"]
[SourceDate "2015.03.02"]
[SourceVersion "1"]
[SourceVersionDate "2015.03.02"]
[SourceQuality "1"]

1. c4 Nf6 2. Nc3 d5 3. d4 g6 4. Nf3 Bg7 5. e3 0-0 6. Qb3 dxc4 7. Bxc4 Nc6 8. Ne5 Nxe5 9. dxe5 Nd7 10. e6 fxe6 11. Bxe6+ Kh8 12. Ne4 Ne5 13. 0-0 Bxe6 14. Qxe6 Qd3 15. f3 Rad8 16. Qxe7 Qe2 17. Ng3 Qc2 18. e4 Rfe8 19. Qh4 Nd3 20. Be3 Bxb2 21. Rab1 Qc6 22. f4 Bf6 23. Qh3 b6 24. f5 Kg8 25. Kh1 Bg7 26. Qh4 Rd6 27. Bg5 Rf8 28. fxg6 hxg6 29. Rxf8+ Bxf8 30. Rf1 Bg7 31. Qg4 Qd7 32. Qe2 c5 33. h4 Ne5 34. Bf4 Rd4 35. h5 Qe6 36. Be3 Rd7 37. hxg6 Qxg6 38. Nf5 Qg4 39. Qa6 Qxe4 40. Qc8+ Kh7 41. Rf4 Qc6 42. Rh4+ Kg6 43. Qe8+ Kxf5 44. Rf4+ Kg5 45. Re4+ 1/2-1/2

[Event "Al Ain op 3rd"]
[Site "Al Ain"]
[Date "2014.12.25"]
[Round "8"]
[White "Huseynov, Shahin Rustam"]
[Black "Abdyjapar, Asyl"]
[Result "0-1"]
[WhiteElo "2162"]
[BlackElo "2385"]
[PlyCount "74"]
[EventDate "2014.12.19"]
[EventType "swiss"]
[EventRounds "9"]
[EventCountry "UAE"]
[SourceTitle "CBM 164 Extra"]
[Source "ChessBase"]
[SourceDate "2015.03.02"]
[SourceVersion "1"]
[SourceVersionDate "2015.03.02"]
[SourceQuality "1"]

1. d4 Nf6 2. c4 g6 3. Nc3 d5 4. Nf3 Bg7 5. Bg5 Ne4 6. cxd5 Nxg5 7. Nxg5 e6 8. Nf3 exd5 9. e3 0-0 10. Be2 Qd6 11. 0-0 c6 12. a3 Nd7 13. Rc1 b5 14. e4 dxe4 15. Nxe4 Qf4 16. Bd3 Bb7 17. Qd2 Qxd2 18. Nexd2 Rfd8 19. Nb3 a5 20. d5 c5 21. Nxc5 Nxc5 22. Rxc5 Bxd5 23. Bxb5 a4 24. Rd1 Bb3 25. Rb1 Ra5 26. Rbc1 Bxb2 27. Rc8 Rxc8 28. Rxc8+ Kg7 29. Rb8 Bxa3 30. Nd4 Bd6 31. Rb7 Bd5 32. Rd7 a3 33. Rxd6 a2 34. Nc2 a1Q+ 35. Nxa1 Rxa1+ 36. Bf1 Bc4 37. h3 Rxf1+ 0-1

[Event "Al Ain op 3rd"]
[Site "Al Ain"]
[Date "2014.12.24"]
[Round "7"]
[White "Jasmeher, Singh Kathuria"]
[Black "Huseynov, Shahin Rustam"]
[Result "0-1"]
[WhiteElo "1500"]
[BlackElo "2162"]
[PlyCount "84"]
[EventDate "2014.12.19"]
[EventType "swiss"]
[EventRounds "9"]
[EventCountry "UAE"]
[SourceTitle "CBM 164 Extra"]
[Source "ChessBase"]
[SourceDate "2015.03.02"]
[SourceVersion "1"]
[SourceVersionDate "2015.03.02"]
[SourceQuality "1"]

1. e4 c5 2. d4 cxd4 3. c3 dxc3 4. Nxc3 Nc6 5. Nf3 e6 6. Bc4 a6 7. 0-0 Nf6 8. Qe2 Qc7 9. Rd1 d6 10. Bf4 Nh5 11. Be3 Be7 12. Rac1 Nf6 13. Na4 Nd7 14. Bb3 b5 15. Nd4 Nxd4 16. Bxd4 Qb8 17. Nc3 0-0 18. f4 Bb7 19. f5 e5 20. Bf2 Nf6 21. g4 b4 22. g5 bxc3 23. gxf6 Bxf6 24. Rxc3 a5 25. Rh3 Qc7 26. Rdd3 Ba6 27. Qh5 h6 28. Rc3 Qb7 29. Bd5 Qxb2 30. Bxa8 Qa1+ 31. Kg2 Bf1+ 32. Kg3 Qxc3+ 33. Qf3 Qxf3+ 34. Kxf3 Bxh3 35. Bd5 Bf1 36. Be1 a4 37. Bb4 Be7 38. Bc6 Bc4 39. a3 Bb3 40. Ke3 Rc8 41. Bb5 Rc2 42. Be2 Ra2 0-1

[Event "Al Ain op 3rd"]
[Site "Al Ain"]
[Date "2014.12.22"]
[Round "5"]
[White "Iordachescu, Viorel"]
[Black "Huseynov, Shahin Rustam"]
[Result "1-0"]
[WhiteElo "2611"]
[BlackElo "2162"]
[PlyCount "99"]
[EventDate "2014.12.19"]
[EventType "swiss"]
[EventRounds "9"]
[EventCountry "UAE"]
[SourceTitle "CBM 164 Extra"]
[Source "ChessBase"]
[SourceDate "2015.03.02"]
[SourceVersion "1"]
[SourceVersionDate "2015.03.02"]
[SourceQuality "1"]

1. d4 Nf6 2. c4 e6 3. Nf3 d5 4. g3 c6 5. Bg2 Bd6 6. 0-0 0-0 7. Nc3 Nbd7 8. Nd2 Bb4 9. e4 Bxc3 10. bxc3 dxe4 11. Nxe4 Nxe4 12. Bxe4 Qa5 13. Qc2 h6 14. Bd2 Nf6 15. Bg2 e5 16. Rae1 Re8 17. c5 exd4 18. Rxe8+ Nxe8 19. cxd4 Qd8 20. Qb2 Nf6 21. Bf4 Nd5 22. Bd6 b6 23. Re1 Be6 24. h3 b5 25. Kh2 Qa5 26. Re2 Rc8 27. Re5 Nc3 28. a3 Bd5 29. Qd2 Qxa3 30. Re3 b4 31. Bxd5 cxd5 32. Re7 Ne4 33. Qf4 Nf6 34. Qf5 Ra8 35. Rb7 Qa4 36. Be5 Qc6 37. Rxb4 Ne4 38. h4 Re8 39. Kg2 f6 40. Bf4 Nc3 41. Qg6 Kf8 42. Qd3 Ne4 43. f3 g5 44. Bb8 Qa8 45. Qb1 f5 46. fxe4 dxe4 47. Bd6+ Kf7 48. Rb7+ Kg6 49. Qb3 Kh5 50. g4+ 1-0

[Event "Alexander the Great op 5th"]
[Site "Porto Carras"]
[Date "2013.05.11"]
[Round "6"]
[White "Huseynov, Shahin Rustam"]
[Black "Tsarouhas, Vasilios"]
[Result "1/2-1/2"]
[WhiteElo "2193"]
[BlackElo "2173"]
[PlyCount "103"]
[EventDate "2013.05.07"]
[EventType "swiss"]
[EventRounds "7"]
[EventCountry "GRE"]
[SourceTitle "CBM 154 Extra"]
[Source "ChessBase"]
[SourceDate "2013.06.25"]
[SourceVersion "2"]
[SourceVersionDate "2013.06.25"]
[SourceQuality "1"]

1. c4 Nf6 2. Nc3 g6 3. g3 Bg7 4. Bg2 0-0 5. e4 d6 6. Nge2 e5 7. 0-0 Nc6 8. d3 Be6 9. h3 Qd7 10. Kh2 Ne8 11. a3 f5 12. f4 Nf6 13. Nd5 Rae8 14. Be3 Kh8 15. b4 fxe4 16. dxe4 exf4 17. gxf4 Bg8 18. b5 Nd8 19. Nxf6 Bxf6 20. Rc1 Re7 21. a4 b6 22. Nd4 Qe8 23. Qd3 Bg7 24. Kh1 Be6 25. Nf3 Bc8 26. Nd2 Bb7 27. Rce1 Ne6 28. Nb3 Qa8 29. Bd2 Nc5 30. Nxc5 dxc5 31. Re2 Rd8 32. Qc2 Rd4 33. e5 Red7 34. Bc1 Rd3 35. Kh2 Bxg2 36. Rxg2 Qe4 37. Rd1 Qf3 38. Rxd3 Rxd3 39. Qe2 Qxh3+ 40. Kg1 Kg8 41. Bb2 Qe3+ 42. Qxe3 Rxe3 43. Rd2 Re4 44. Rd8+ Bf8 45. Rc8 Rxf4 46. e6 Re4 47. Re8 h5 48. Bf6 g5 49. e7 Rg4+ 50. Kh2 Rh4+ 51. Kg3 Rg4+ 52. Kh3 1/2-1/2

[Event "Alexander the Great op 5th"]
[Site "Porto Carras"]
[Date "2013.05.09"]
[Round "3"]
[White "Huseynov, Shahin Rustam"]
[Black "Sukandar, Irine Kharisma"]
[Result "0-1"]
[WhiteElo "2193"]
[BlackElo "2370"]
[PlyCount "62"]
[EventDate "2013.05.07"]
[EventType "swiss"]
[EventRounds "7"]
[EventCountry "GRE"]
[SourceTitle "CBM 154 Extra"]
[Source "ChessBase"]
[SourceDate "2013.06.25"]
[SourceVersion "2"]
[SourceVersionDate "2013.06.25"]
[SourceQuality "1"]

1. d4 Nf6 2. c4 e6 3. Nf3 b6 4. g3 Bb4+ 5. Bd2 Bxd2+ 6. Nbxd2 Bb7 7. Bg2 0-0 8. 0-0 c5 9. e3 d6 10. Qc2 Nbd7 11. Rfd1 Rc8 12. Rac1 Qc7 13. b3 Rfd8 14. e4 cxd4 15. Nxd4 a6 16. Nb1 Qb8 17. Qe2 Re8 18. Nc3 d5 19. exd5 exd5 20. Qb2 dxc4 21. Bxb7 Qxb7 22. Nf5 Ne5 23. Nd6 Nf3+ 24. Kh1 Qc6 25. bxc4 Re1+ 26. Rxe1 Nxe1+ 27. f3 Qxf3+ 28. Kg1 Qe3+ 29. Kf1 Nd3 30. Qc2 Rd8 31. Nb7 Qf3+ 0-1

[Event "Baku op"]
[Site "Baku"]
[Date "2012.09.26"]
[Round "5"]
[White "Huseynov, Shahin Rustam"]
[Black "Idrisov, Tebriz Arif Oglu"]
[Result "1-0"]
[WhiteElo "2195"]
[BlackElo "2268"]
[PlyCount "123"]
[EventDate "2012.09.22"]
[EventType "swiss"]
[EventRounds "9"]
[EventCountry "AZE"]
[SourceTitle "CBM 150 Extra"]
[Source "ChessBase"]
[SourceDate "2012.10.19"]
[SourceVersion "1"]
[SourceVersionDate "2012.10.19"]
[SourceQuality "1"]

1. Nf3 c5 2. c4 Nf6 3. Nc3 e6 4. d4 cxd4 5. Nxd4 a6 6. e3 Be7 7. Be2 0-0 8. 0-0 Qc7 9. b3 d6 10. Bb2 Nbd7 11. Rc1 b6 12. Bf3 Bb7 13. Bxb7 Qxb7 14. Qf3 Qxf3 15. Nxf3 b5 16. cxb5 axb5 17. Nd4 b4 18. Na4 d5 19. Rc7 Bd6 20. Rc6 Bb8 21. Ba1 Ne5 22. Rc2 h6 23. h3 Ne4 24. f3 Nf6 25. Kf2 Ned7 26. Ke2 Nh5 27. Rfc1 Ng3+ 28. Kf2 Nh5 29. g4 Nhf6 30. Ke2 Kh7 31. Rc8 Bd6 32. R8c6 Be7 33. R6c2 Rfb8 34. f4 Bd8 35. Nf3 Ne4 36. Bd4 Ba5 37. h4 Ng3+ 38. Kd3 Re8 39. g5 f6 40. gxf6 gxf6 41. Rc7 Bxc7 42. Rxc7 Re7 43. Nb6 e5 44. fxe5 fxe5 45. Nxa8 e4+ 46. Kd2 exf3 47. Ke1 Rf7 48. e4 dxe4 49. Nb6 Ne5 50. Rxf7+ Nxf7 51. Nd5 Nf5 52. Bc5 Kg6 53. Kf2 Ne5 54. Nxb4 Ng4+ 55. Kg1 e3 56. Nd3 Kh5 57. a4 Kxh4 58. a5 Kg3 59. a6 e2 60. a7 Nge3 61. Bb4 Nd4 62. Be1+ 1-0

[Event "Baku President's Cup 2nd"]
[Site "Baku"]
[Date "2007.05.05"]
[Round "3"]
[White "Huseynov, Shahin Rustam"]
[Black "Naiditsch, Arkadij"]
[Result "0-1"]
[WhiteElo "2209"]
[BlackElo "2654"]
[PlyCount "69"]
[EventDate "2007.05.03"]
[EventType "swiss"]
[EventRounds "9"]
[EventCountry "AZE"]
[SourceTitle "CBM 118 Extra"]
[Source "ChessBase"]
[SourceDate "2007.07.04"]
[SourceVersion "1"]
[SourceVersionDate "2007.07.04"]
[SourceQuality "1"]

1. c4 e5 2. Nc3 Nf6 3. Nf3 Nc6 4. e4 Bc5 5. h3 d6 6. d3 Nd7 7. Nd5 a5 8. Bg5 f6 9. Bd2 Nf8 10. Nh4 Nd4 11. Qh5+ g6 12. Qh6 Rg8 13. Rc1 c6 14. Nc3 Be6 15. Be2 Qe7 16. Bd1 Qg7 17. Qxg7 Rxg7 18. Nf3 Nxf3+ 19. Bxf3 Bg8 20. Ne2 Ne6 21. Bg4 b5 22. Bxe6 Bxe6 23. b3 f5 24. cxb5 cxb5 25. Bc3 Rc7 26. exf5 Bxf5 27. Rd1 Bb6 28. g4 Be6 29. d4 Bd5 30. Rg1 Bf3 31. Rg3 e4 32. Rd2 Rac8 33. Bb2 Rc2 34. Rxf3 exf3 35. Ng1 0-1

[Event "Istanbul Universities"]
[Site "Istanbul"]
[Date "2006.08.31"]
[Round "2"]
[White "Huseynov, Shahin Rustam"]
[Black "Gaprindashvili, Valeriane"]
[Result "0-1"]
[WhiteElo "2162"]
[BlackElo "2484"]
[PlyCount "106"]
[EventDate "2006.08.30"]
[EventType "swiss"]
[EventRounds "9"]
[EventCountry "TUR"]
[SourceTitle "EXT 2007"]
[Source "ChessBase"]
[SourceDate "2006.11.23"]
[SourceVersion "1"]
[SourceVersionDate "2006.11.23"]
[SourceQuality "1"]

1. c4 e6 2. Nc3 d5 3. cxd5 exd5 4. d4 Bb4 5. Nf3 Nf6 6. Bg5 h6 7. Bxf6 Qxf6 8. Qa4+ Nc6 9. Ne5 0-0 10. Nxc6 Bxc3+ 11. bxc3 bxc6 12. g3 a5 13. Bg2 Ba6 14. Bf3 Rfe8 15. 0-0 Bxe2 16. Bxe2 Rxe2 17. Rae1 Re4 18. Rxe4 dxe4 19. Re1 Qe6 20. Qc2 f5 21. f3 Re8 22. fxe4 fxe4 23. Re3 Kh8 24. Qe2 Qd5 25. Kg2 c5 26. dxc5 Qxc5 27. Qd2 Qf5 28. Qf2 Qd5 29. a3 Qc5 30. Qf4 Qxa3 31. Qxc7 Qa2+ 32. Kh3 Qe6+ 33. Kg2 a4 34. Qc5 Rc8 35. Qd4 Rc4 36. Qd8+ Kh7 37. Qa5 Qd7 38. Re2 a3 39. Qxa3 Qd3 40. Qa2 Qf3+ 41. Kg1 Rxc3 42. Qd2 Rd3 43. Qc2 h5 44. Re1 Qf5 45. Qf2 Rf3 46. Qc2 h4 47. gxh4 Rf4 48. Qe2 e3 49. Kh1 Rg4 50. Rf1 Qd5+ 51. Rf3 Qe4 52. h3 Rg3 53. Qd1 Rg4 0-1